| 000 | 00729nam a2200229Ia 4500 | ||
|---|---|---|---|
| 005 | 20241129104401.0 | ||
| 008 | 241129s9999||||xx |||||||||||||| ||und|| | ||
| 020 | _a9781032723433 | ||
| 037 | _aTextual | ||
| 040 |
_aRTL _beng _cRTL |
||
| 041 |
_aeng _2eng |
||
| 084 |
_aY73.275c R4 _qRTL |
||
| 100 |
_aChhetri Nilamber _9726139 |
||
| 245 | 0 |
_aPolitics of ethnic renewal in DarjeelingL Gorkhas and the struggle for tribal recognition _cChhetri Nilamber |
|
| 260 |
_aNew York _bRoutledge _c2024 |
||
| 300 | _axvi,223p. | ||
| 365 |
_aINR _b1295 |
||
| 490 | _aNepal and Himalayan Studies | ||
| 650 |
_aEastern Himalayas- Darjeeling-India _9726140 |
||
| 942 |
_cTB _hY73.275c R4 |
||
| 999 |
_c1225658 _d1225658 |
||